Normal view
MARC view
- Microcomputers
Entry Topical Term
001 - CONTROL NUMBER
- control field: 112640
003 - CONTROL NUMBER IDENTIFIER
- control field: NUST
005 - DATE AND TIME OF LATEST TRANSACTION
- control field: 20230525181745.0
008 - FIXED-LENGTH DATA ELEMENTS
- fixed length control field: 230525|| aca||aabn | a|a d
040 ## - CATALOGING SOURCE
- Original cataloging agency: NUST
- Transcribing agency: NUST
150 ## - HEADING--TOPICAL TERM
- Topical term or geographic name entry element: Microcomputers
- General subdivision: Catalogs
670 ## - SOURCE DATA FOUND
- Source citation: Work cat.: (NUST)176674: Barden, William T. 98145, Guidebook to small computers /, c1980.
